000 00233nam a2200109Ia 4500
008 220612s9999 xx 000 0 und d
245 0 _aMANORAMA YEAR BOOK 2013
260 _c2013
300 _a1038
650 _aEducation
942 _cBK
999 _c6728
_d6728